000 00375nam a2200181Ia 4500
100 _aForouzan/Behrouz A
650 _aTCP/IP
250 _a4
942 _cBK
366 _f25
654 _aTCP/IP
245 _aTCP/IP Protocol suite
260 _bTata Mc Graw hill Ltd.
_c2010
082 _a4.62
_bFOR
300 _a979
546 _aENGLISH
_cComputers
999 _c29425
_d29425